Science Quiz

Random Science or Letter Quiz
Score 0/26 Timer 06:00
14 Plays Today
Mineral mineral % Correct
loapOpal
89.8%
ratzuqQuartz
82.6%
nomadidDiamond
75%
sparejJasper
74.1%
reblyBeryl
66.8%
typierPyrite
62.1%
tiepataApatite
56.8%
itemrochChromite
55.7%
pitrehagGraphite
52.7%
tinziceZincite
51.4%
heattimeHematite
48.4%
zunktieKunzite
45.7%
cuetileLeucite
40%
Mineral mineral % Correct
toilieIolite
39%
climatehaMalachite
38.5%
tierphenNephrite
37.4%
tierothThorite
31.6%
trueliRutile
24%
chiefsutFuchsite
20.6%
tiedpoeEpidote
19.1%
lieutexUlexite
18.1%
litemweilWillemite
17.8%
bilestitStilbite
13.1%
divinetanaVanadinite
8.7%
mitenoxeXenotime
7.9%
porkyutiesYuksporite
2.5%

You're not logged in!

Compare scores with friends on all Sporcle quizzes.
OR
Log In

Sporcle TV

Today on Sporcle TV


Watch our educational content, quiz creation guides, and fun videos on Sporcle TV.

Show Comments

Extras

Top Quizzes Today


Score Distribution

Paid Content

Your Account Isn't Verified!

In order to create a playlist on Sporcle, you need to verify the email address you used during registration. Go to your Sporcle Settings to finish the process.

Report this User

Report this user for behavior that violates our Community Guidelines.

Details: